Tenochtitlan : (Registro nro. 247232)

Detalles MARC
000 -LEADER
fixed length control field 02085nam a2200517Ii 4500
001 - CONTROL NUMBER
control field DIGBCACC0145
003 - CONTROL NUMBER IDENTIFIER
control field NyNyDIG
006 - FIXED-LENGTH DATA ELEMENTS--ADDITIONAL MATERIAL CHARACTERISTICS
fixed length control field m o d
007 - PHYSICAL DESCRIPTION FIXED FIELD--GENERAL INFORMATION
fixed length control field cr |||||||||||
008 - FIXED-LENGTH DATA ELEMENTS--GENERAL INFORMATION
fixed length control field 170105s2014 mx a jo 000 0 eng d
020 ## - INTERNATIONAL STANDARD BOOK NUMBER
International Standard Book Number 6078187848
Qualifying information (eBook)
020 ## - INTERNATIONAL STANDARD BOOK NUMBER
International Standard Book Number 9786078187843
Qualifying information (eBook)
020 ## - INTERNATIONAL STANDARD BOOK NUMBER
Canceled/invalid ISBN 6078187856
020 ## - INTERNATIONAL STANDARD BOOK NUMBER
Canceled/invalid ISBN 9786078187850
035 ## - SYSTEM CONTROL NUMBER
System control number (OCoLC)967753155
040 ## - CATALOGING SOURCE
Original cataloging agency DGITA
Language of cataloging eng
Description conventions rda
-- pn
Transcribing agency DGITA
043 ## - GEOGRAPHIC AREA CODE
Geographic area code n-mx---
050 14 - LIBRARY OF CONGRESS CALL NUMBER
Classification number F1219.76.R45 ebook
082 04 - DEWEY DECIMAL CLASSIFICATION NUMBER
Classification number 398.2097202
100 1# - MAIN ENTRY--PERSONAL NAME
Personal name Armella Spitalier, Nathalie,
Relator term author.
245 10 - TITLE STATEMENT
Title Tenochtitlan :
Remainder of title the road to an empire /
Statement of responsibility, etc. Natalie Armella and Adriana Campos.
264 #1 - PRODUCTION, PUBLICATION, DISTRIBUTION, MANUFACTURE, AND COPYRIGHT NOTICE
Place of production, publication, distribution, manufacture México, D. F. :
Name of producer, publisher, distributor, manufacturer FCAS [Fundación Cultural Armella Spitalier],
Date of production, publication, distribution, manufacture, or copyright notice 2014.
300 ## - PHYSICAL DESCRIPTION
Extent 1 online resource :
Other physical details color illustrations.
336 ## - CONTENT TYPE
Content type term still image
Content type code sti
Source rdacontent
336 ## - CONTENT TYPE
Content type term text
Content type code txt
Source rdacontent
337 ## - MEDIA TYPE
Media type term computer
Media type code c
Source rdamedia
338 ## - CARRIER TYPE
Carrier type term online resource
Carrier type code cr
Source rdacarrier
490 1# - SERIES STATEMENT
Series statement Collection Axolotl ;
Volume/sequential designation volume 6
588 0# - SOURCE OF DESCRIPTION NOTE
Source of description note Online resource; title from PDF title page (Digitalia, viewed January 5, 2017)
650 #0 - SUBJECT ADDED ENTRY--TOPICAL TERM
Topical term or geographic name entry element Aztec mythology
Form subdivision Juvenile literature
-- Specimens.
650 #0 - SUBJECT ADDED ENTRY--TOPICAL TERM
Topical term or geographic name entry element Girls
Form subdivision Juvenile literature.
650 #0 - SUBJECT ADDED ENTRY--TOPICAL TERM
Topical term or geographic name entry element Huitzilopochtli (Aztec deity)
Form subdivision Juvenile literature.
650 #0 - SUBJECT ADDED ENTRY--TOPICAL TERM
Topical term or geographic name entry element Tales
Geographic subdivision Mexico
Form subdivision Juvenile literature
-- Specimens.
650 #0 - SUBJECT ADDED ENTRY--TOPICAL TERM
Topical term or geographic name entry element Voyages and travels
Form subdivision Juvenile literature.
651 #0 - SUBJECT ADDED ENTRY--GEOGRAPHIC NAME
Geographic name Mexico City (Mexico)
General subdivision History
Chronological subdivision To 1519
Form subdivision Juvenile literature.
655 #0 - INDEX TERM--GENRE/FORM
Genre/form data or focus term Electronic books.
700 1# - ADDED ENTRY--PERSONAL NAME
Personal name Campos, Adriana,
Dates associated with a name 1981-
Relator term illustrator.
710 2# - ADDED ENTRY--CORPORATE NAME
Corporate name or jurisdiction name as entry element Fundación Cultural Armella Spitalier,
Relator term publisher.
776 08 - ADDITIONAL PHYSICAL FORM ENTRY
Relationship information Print version:
Main entry heading Armella Spitalier, Natalie.
Title Tenochtitlan.
Place, publisher, and date of publication México, D. F. : FCAS, 2014
International Standard Book Number 9786078187850
791 2# -
-- Digitalia (Firm),
-- distributor.
793 0# -
-- Digitalia eBook Collection:
-- Editorial Cacciani.
830 #0 - SERIES ADDED ENTRY--UNIFORM TITLE
Uniform title Colección Axolotl (Distrito Federal, Mexico) ;
Volume/sequential designation 6.
856 40 - ELECTRONIC LOCATION AND ACCESS
Materials specified Digitalia Hispánica
Uniform Resource Identifier <a href="https://www.digitaliapublishing.com/a/42383/">https://www.digitaliapublishing.com/a/42383/</a>
910 ## - USER-OPTION DATA (OCLC)
User-option data Premium collection: 2017
942 ## - ADDED ENTRY ELEMENTS (KOHA)
Koha item type Recurso Electrónico
Existencias
Withdrawn status Lost status Damaged status Not for loan Collection Home library Current library Date acquired Total checkouts Date last seen Price effective from Koha item type
        Digitalia Ebooks Hispanica Biblioteca Digital UIN Biblioteca Digital UIN 04/25/2025   04/25/2025 04/25/2025 Recurso Electrónico

CONTACTO


NOSOTROS


SITIOS DE INTERES

coordinacion.biblioteca.biblioteca@unienlinea.mx Misión, Visión y Objetivos Bases de datos
Directorio Bibliotecas Digitales y Repositorios
Normatividad Revistas y artículos
Convenios interbibliotecarios
Boletines



Hecho en México. Universidad Insurgentes (UIN). Todos los derechos reservados 2024. Esta página y sus contenidos pueden ser reproducidos con fines no lucrativos, siempre y cuando no se mutile, se cite la fuente completa y su dirección electrónicas. De otra forma requiere permiso previo por escrito de la institución




2024 Copyright Universidad Insurgentes | www.bibliouin.com.mx